Buslinien Winterthur #2 - Statistiken

Allgemein
  • Dieses Quiz wurde 17 mal gespielt
  • Das Durchschnittsergebnis liegt bei 27 aus 69
Antwortstatistiken
Buslinie Haltestelle % Korrekt
Hauptbahnhof
100%
Hauptbahnhof
100%
5 Dättnau
77%
Zentrum Töss
77%
Gewerbeschule
69%
Gewerbeschule
69%
Loki
69%
Loki
69%
Schmidgasse
69%
Schmidgasse
69%
Technorama
69%
Töss
69%
Elsau, Melcher
62%
Gaswerk
62%
Gaswerk
62%
Obertor
62%
Obertor
62%
Stadthaus
62%
Sulzer
62%
Sulzer
62%
Bahnhof Oberwinterthur
54%
7 Bahnhof Wülflingen
54%
Hedy Hahnloser
54%
Rosenau
54%
Schwimmbad Töss
54%
Eishalle
46%
Eishalle
46%
Finken-Rain
46%
Freizeitanlage
46%
Grüze-Märkte
46%
Grüze-Märkte
46%
Ohrbühl
46%
Ohrbühl
46%
Steigmühle
46%
Brühleck
38%
Brühleck
38%
Rebwiesen
38%
Bolrebenweg
31%
Neubruch
31%
Rudolf Diesel
31%
Rudolf Diesel
31%
Schöntal
31%
Stäffelistrasse
31%
Hegi im Gern
23%
Industriepark
23%
Industriepark
23%
Pflanzenschulstrasse
23%
Pflanzenschulstrasse
23%
Schlitwiesen
23%
Ziegeleiweg
23%
Else Züblin
15%
Freibad Wülflingen
15%
Friedliweg
15%
Grüzenstrasse
15%
Klinik Schlosstal
15%
Nägelsee
15%
Schulhaus Neuhegi
15%
Ausserdorf
8%
Chli-Hegi
8%
Fachschule
8%
Grafenstein
8%
Grüzestrasse
8%
Hardau
8%
Letten
8%
Niederfeld
8%
Schlossberg
8%
Schulhaus Wyden
8%
Unterdorf
8%
Stadtgasse
0%
Keine übereinstimmenden Quizze gefunden
Verteilung der Resultate
Anzahl Personen mit jedem Resultat
Perzentil nach korrekt beantworteten Fragen
Ihre Resultats-Entwicklung
Sie haben dieses Quiz noch nicht gespielt